000 00553nam a2200205Ia 4500
005 20260429112007.0
008 260429s9999||||xx |||||||||||||| ||und||
020 _a9781032214818
041 _aEnglish
082 _a553.0285
_bMAR
100 _aMarghany, Maged
245 0 _aRemote sensing and image processing in mineralogy /
_cMaged Marghany
250 _a1st ed.
260 _aBoca Raton :
_bCRC Press,
_c2022.
300 _axv, 282 p.; pbk
650 _a Minearology
650 _a Remote sensing
650 _aEarth science
942 _cTB
999 _c51790
_d51790